00798 2200277 4500001002100000005001500021035002000036007000300056008004100059082000800100084001400108100001400122245008100136250001400217260003800231300003800269020002200307600001500329990002300344990002300367990002200390990002700412990002700439990002700466990002700493INLIS00000000000410220260528090839 a0010-0921000187ta260528 0  a342 a342 IND u0 aIndonesia1 aUndang - Undang Jaminan Produk Halal :bUU RI No. 33 Tahun 2014 /cIndonesia a--Cet. 1. a--Jakarta :bSinar Grafika,c2015 aix, 317 hlm. :billus. ;c20,5 cm a978-979-007-609-9 4aIlmu Hukum a36.109/Br/DPK/2021 a36.108/BR/DPK/2021 a36.107/B/DPK/2021 a21450/BR/KAPD-PDG/2015 a21451/BR/KAPD-PDG/2015 a21452/BR/KAPD-PDG/2015 a21453/BR/KAPD-PDG/2015